000 00534nam a22002177a 4500
003 UA-OsUOA
001 85303
007 ta
008 20120622b un ||||| |||| 00| 0 ukr d
100 _aГусейнов А.А.
090 _a101
_bГ96
942 _cSA
040 _aUA-OsUOA
_brus
_cUA-OsUOA
_dUA-OsUOA
245 _aМораль как предел райиональности
300 _aС.3-4
955 _a0
041 _arus
080 _a101
773 0 _w85302
650 7 _a1 Філософські науки
_2UDC
999 _c371619
_d371619